000 00302nam a22001337a 4500
008 181226b xxu||||| |||| 00| 0 eng d
020 _a0198266642
041 _aeng
080 _a201
100 _a24
101 _aTEO
245 _aReligion in Sociological Perspective
_cWilson, B
942 _2udc
_cBK
999 _c53786
_d53786